DEVELOPENT AND TESTING OF CRAFTING MACHINE FOR MAING COCONUT COIR TRAY. ការអភិវឌ្ឃនិងធ្វើតេស្តឧបករណ៍កៀបស្រកីដូនសម្រាប់ផលិតធ្វើត្រេ (Record no. 21926)

000 -LEADER
fixed length control field 00589nam a22001217a 4500
040 ## - CATALOGING SOURCE
Transcribing agency RUA
100 ## - MAIN ENTRY--AUTHOR NAME
Personal name MIN KUNTHEA. មិន​ គន្ធា
245 ## - TITLE STATEMENT
Title DEVELOPENT AND TESTING OF CRAFTING MACHINE FOR MAING COCONUT COIR TRAY. ការអភិវឌ្ឃនិងធ្វើតេស្តឧបករណ៍កៀបស្រកីដូនសម្រាប់ផលិតធ្វើត្រេ
260 ## - PUBLICATION, DISTRIBUTION, ETC. (IMPRINT)
Place of publication Phnom Penh
Name of publisher RUA
Year of publication 2021
300 ## - PHYSICAL DESCRIPTION
Number of Pages XI.42P
Other physical details VIII.
Dimensions 29CM
856 ## - ELECTRONIC LOCATION AND ACCESS
Uniform Resource Identifier https://drive.google.com/file/d/1UzBPruIONzjor9yG5gKHwJos0Nki9fHZ/view?usp=sharing
942 ## - ADDED ENTRY ELEMENTS (KOHA)
Koha item type AGE
952 ## - LOCATION AND ITEM INFORMATION (KOHA)
Withdrawn status [LOCAL, KOHA] 0
952 ## - LOCATION AND ITEM INFORMATION (KOHA)
Withdrawn status [LOCAL, KOHA] 0
952 ## - LOCATION AND ITEM INFORMATION (KOHA)
Withdrawn status [LOCAL, KOHA] 0
952 ## - LOCATION AND ITEM INFORMATION (KOHA)
Withdrawn status [LOCAL, KOHA] 0
952 ## - LOCATION AND ITEM INFORMATION (KOHA)
Withdrawn status [LOCAL, KOHA] 0
952 ## - LOCATION AND ITEM INFORMATION (KOHA)
Withdrawn status [LOCAL, KOHA] 0
Holdings
Permanent Location Date acquired Koha item type Lost status Shelving location Barcode Current Location Full call number
Library Block B2023-09-15AGE B659a73336Library Block BAGE MIN 2021 B659 Or.
Library Block B2023-09-15AGE B659a73341Library Block BAGE MIN 2021 B659 Or.
Library Block B2023-09-15AGE B659a073992Library Block BAGE MIN 2021 B659 Or.
Library Block B2023-09-15AGE B659a073984Library Block BAGE MIN 2021 B659 Or.
Library Block B2023-09-15AGE B659a073996Library Block BAGE MIN 2021 B659 Or.
Library Block B2023-09-15AGE B659a073980Library Block BAGE MIN 2021 B659 Or.
មជ្ឈមណ្ឌលឯការនៃសាកលវិទ្យាល័យភូមិន្ទកសិកម្មចំការដូង

Powered by Koha